<?xml version="1.0" encoding="UTF-8"?>
<record
    xmlns:xsi="http://www.w3.org/2001/XMLSchema-instance"
    xsi:schemaLocation="http://www.loc.gov/MARC21/slim http://www.loc.gov/standards/marcxml/schema/MARC21slim.xsd"
    xmlns="http://www.loc.gov/MARC21/slim">

  <leader>02247nam a22002297a 4500</leader>
  <controlfield tag="005">20231213132057.0</controlfield>
  <controlfield tag="008">231213b           ||||| |||| 00| 0 eng d</controlfield>
  <datafield tag="020" ind1=" " ind2=" ">
    <subfield code="a">9788170337362</subfield>
  </datafield>
  <datafield tag="040" ind1=" " ind2=" ">
    <subfield code="c">AL</subfield>
  </datafield>
  <datafield tag="041" ind1=" " ind2=" ">
    <subfield code="a">English</subfield>
  </datafield>
  <datafield tag="082" ind1=" " ind2=" ">
    <subfield code="2">23</subfield>
    <subfield code="a">361.3</subfield>
    <subfield code="b">DESI</subfield>
  </datafield>
  <datafield tag="100" ind1=" " ind2=" ">
    <subfield code="a">Murli Desai</subfield>
    <subfield code="9">145802</subfield>
  </datafield>
  <datafield tag="245" ind1=" " ind2=" ">
    <subfield code="a">Ideologies and Social Work: Historical and Contemporary Analyses </subfield>
  </datafield>
  <datafield tag="260" ind1=" " ind2=" ">
    <subfield code="a">Jaipur</subfield>
    <subfield code="b">Rawat Publications</subfield>
    <subfield code="c">2020</subfield>
  </datafield>
  <datafield tag="300" ind1=" " ind2=" ">
    <subfield code="a">235 p.</subfield>
    <subfield code="b">HB</subfield>
    <subfield code="c">22.5x14 cm.</subfield>
  </datafield>
  <datafield tag="365" ind1=" " ind2=" ">
    <subfield code="a">6672</subfield>
    <subfield code="b">&#x20B9;716.00</subfield>
    <subfield code="c">&#x20B9;</subfield>
    <subfield code="d">&#x20B9;895.00</subfield>
    <subfield code="e">20%</subfield>
    <subfield code="f">11-12-2023</subfield>
  </datafield>
  <datafield tag="520" ind1=" " ind2=" ">
    <subfield code="a">This book on Ideologies and Social Work: Historical and Contemporary Analyses is an attempt to add the much needed literature on the core social work subject of history and philosophy of social work. Social work education requires knowledge-as-action, knowledge that is contextualised culturally and historically and is shaped by the interaction between students and teachers. This course aims at introducing the students to a critical inquiry into the history of ideologies for social change and professional social work. It is the history of ideologies that helps us understand the roots of the contemporary reality, including the roots of social work profession. The social work approaches also can be understood better with reference to the ideologies that influence them.
Besides the introductory chapter on conceptual framework and curriculum planning, the book is divided into six curriculum modules. These modules are arranged to undertake a critical inquiry into the Western history of ideologies before the Indian history of ideologies, as the former has influenced the latter since the modern age. Similarly, the history of ideologies of social change is examined before the history of ideologies of social work profession as the latter developed in the context of the former. The contemporary ideologies for social change and social work are then discussed in the context of globalisation. The methodology of education that is suggested aims at exploring and understanding one&#x2019;s own set of beliefs, based on one&#x2019;s socialisation.</subfield>
  </datafield>
  <datafield tag="650" ind1=" " ind2=" ">
    <subfield code="a">Social work education--India</subfield>
    <subfield code="9">145803</subfield>
  </datafield>
  <datafield tag="650" ind1=" " ind2=" ">
    <subfield code="a"> Social Problems and Services</subfield>
    <subfield code="9">145804</subfield>
  </datafield>
  <datafield tag="700" ind1=" " ind2=" ">
    <subfield code="a">DESAI (Murli)</subfield>
    <subfield code="9">145805</subfield>
  </datafield>
  <datafield tag="942" ind1=" " ind2=" ">
    <subfield code="2">ddc</subfield>
    <subfield code="c">BK</subfield>
  </datafield>
  <datafield tag="999" ind1=" " ind2=" ">
    <subfield code="c">229492</subfield>
    <subfield code="d">229492</subfield>
  </datafield>
  <datafield tag="952" ind1=" " ind2=" ">
    <subfield code="0">0</subfield>
    <subfield code="1">0</subfield>
    <subfield code="2">ddc</subfield>
    <subfield code="4">0</subfield>
    <subfield code="7">0</subfield>
    <subfield code="8">SW</subfield>
    <subfield code="a">AL</subfield>
    <subfield code="b">AL</subfield>
    <subfield code="d">2023-12-13</subfield>
    <subfield code="e">Biblios Book Point Surathkal Mangalore 575014</subfield>
    <subfield code="g">716.00</subfield>
    <subfield code="l">1</subfield>
    <subfield code="o">361.3 DESI</subfield>
    <subfield code="p">077001</subfield>
    <subfield code="r">2024-10-30 00:00:00</subfield>
    <subfield code="s">2024-10-09</subfield>
    <subfield code="v">895.00</subfield>
    <subfield code="y">BK</subfield>
  </datafield>
  <datafield tag="952" ind1=" " ind2=" ">
    <subfield code="0">0</subfield>
    <subfield code="1">0</subfield>
    <subfield code="2">ddc</subfield>
    <subfield code="4">0</subfield>
    <subfield code="7">0</subfield>
    <subfield code="8">SW</subfield>
    <subfield code="a">AL</subfield>
    <subfield code="b">AL</subfield>
    <subfield code="d">2023-12-13</subfield>
    <subfield code="e">Biblios Book Point Surathkal Mangalore 575014</subfield>
    <subfield code="g">716.00</subfield>
    <subfield code="l">0</subfield>
    <subfield code="o">361.3 DESI</subfield>
    <subfield code="p">077002</subfield>
    <subfield code="r">2023-12-13 00:00:00</subfield>
    <subfield code="v">895.00</subfield>
    <subfield code="w">2023-12-13</subfield>
    <subfield code="y">BK</subfield>
  </datafield>
</record>
